00281cam a22001097a 4500008004000000082001300040100001700053245004800070260001800118300001300136650002200149180718b1959 xxu||||| |||| 00| 0 eng d aL12 Sa19 aSahota, G.S. aManual of capital budgetingcby G.S. Sahota aDelhibc1959 ax, 241p. aCapital budgeting